书目信息 |
| 题名: |
自动控制原理及设计
|
|
| 作者: | 陆道政 , 季新宝 著 | |
| 分册: | ||
| 出版信息: | 上海 上海科学技术出版社 1978 |
|
| 页数: | 447页 | |
| 开本: | 20cm | |
| 丛书名: | ||
| 单 册: | ||
| 中图分类: | TP13 | |
| 科图分类: | ||
| 主题词: | 自动控制理论 | |
| 电子资源: | ||
| ISBN: | ||
| 000 | 00610nam0 2200229 45 | |
| 001 | 0178001890 | |
| 005 | 20061125105654.26 | |
| 010 | @dCNY1.40 | |
| 091 | @a15119.1947 | |
| 100 | @a19950728d1978 em y0chiy0121 ea | |
| 101 | 0 | @achi |
| 102 | @aCN@b310000 | |
| 105 | @ay z 000yy | |
| 200 | 10 | @a自动控制原理及设计@Azi dong kong zhi yuan li ji she ji@f陆道政,季新宝著 |
| 210 | @a上海@c上海科学技术出版社@d1978 | |
| 215 | @a447页@d20cm | |
| 606 | @a自动控制理论 | |
| 690 | @aTP13@v3 | |
| 701 | 0 | @a陆道政@Alu dao zheng@4著 |
| 701 | 0 | @a季新宝@4著 |
| 801 | 0 | @aCN@bTSSF@c20061125 |
| 905 | @a10447@dTP13@e1 | |
| 自动控制原理及设计/陆道政,季新宝著.-上海:上海科学技术出版社,1978 |
| 447页;20cm |
| ISBN :CNY1.40 |
| ● |
| 相关链接 |
|
|
|
|
正题名:自动控制原理及设计
索取号:TP13/1
 
预约/预借
| 序号 | 登录号 | 条形码 | 馆藏地/架位号 | 状态 | 备注 |
| 1 | 0005170 | 000701486 | 第二样本阅览室/ [索取号:TP13/1] | 在馆 |